000 00683nam a22002057a 4500
005 20251108164322.0
008 250721s1988 xx 000 0 ara d
082 1 4 _a355.4300973/غال
100 1 _aغالوا، بيير
245 1 0 _aحرب المائة ثانية :
_bالولايات المتحدة و أوروبا و حرب النجوم /
264 1 _aدمشق :
_bدار طلاس،
_c1988.
300 _a316ص
650 1 7 _aالإستراتيجية
650 1 7 _aالولايات المتحدة
650 1 7 _aحرب الفضاء
650 1 7 _aالصواريخ الموجهة
700 1 _aبيطار، جبرائيل
_eترجمة
942 _2ddc
_cBK
999 _c9213
_d9213